<?xml version="1.0" encoding="UTF-8"?>
<record
    xmlns:xsi="http://www.w3.org/2001/XMLSchema-instance"
    xsi:schemaLocation="http://www.loc.gov/MARC21/slim http://www.loc.gov/standards/marcxml/schema/MARC21slim.xsd"
    xmlns="http://www.loc.gov/MARC21/slim">

  <leader>02028cam a2200289 a 4500</leader>
  <datafield tag="999" ind1=" " ind2=" ">
    <subfield code="c">7285</subfield>
    <subfield code="d">7285</subfield>
  </datafield>
  <controlfield tag="001">12944079</controlfield>
  <controlfield tag="003">OCoLC</controlfield>
  <controlfield tag="005">20190205152048.0</controlfield>
  <controlfield tag="008">851113s1986    caua          000 0 eng  </controlfield>
  <datafield tag="010" ind1=" " ind2=" ">
    <subfield code="a">   85023884</subfield>
  </datafield>
  <datafield tag="020" ind1=" " ind2=" ">
    <subfield code="a">0916636062 (pbk.) :</subfield>
    <subfield code="c">$6.00 (est.)</subfield>
  </datafield>
  <datafield tag="020" ind1=" " ind2=" ">
    <subfield code="a">9780916636067 (pbk.)</subfield>
  </datafield>
  <datafield tag="035" ind1=" " ind2=" ">
    <subfield code="a">(OCoLC)12944079</subfield>
  </datafield>
  <datafield tag="040" ind1=" " ind2=" ">
    <subfield code="a">DLC</subfield>
    <subfield code="c">DLC</subfield>
    <subfield code="d">OCL</subfield>
    <subfield code="d">ZID</subfield>
    <subfield code="d">BAKER</subfield>
    <subfield code="d">BTCTA</subfield>
    <subfield code="d">OCLCG</subfield>
  </datafield>
  <datafield tag="050" ind1="0" ind2="0">
    <subfield code="a">P53.8</subfield>
    <subfield code="b">.C66 1986</subfield>
  </datafield>
  <datafield tag="082" ind1="0" ind2="0">
    <subfield code="a">418</subfield>
    <subfield code="2">19</subfield>
    <subfield code="b">B848C</subfield>
  </datafield>
  <datafield tag="092" ind1=" " ind2=" ">
    <subfield code="a">418.007</subfield>
    <subfield code="b">C73489</subfield>
  </datafield>
  <datafield tag="245" ind1="0" ind2="0">
    <subfield code="a">Community is my language classroom! :</subfield>
    <subfield code="b">real-life stories from around the world of language learning and missionary ministry by those who are learning through community relationships /</subfield>
    <subfield code="c">edited by Tom &amp; Betty Sue Brewster.</subfield>
  </datafield>
  <datafield tag="260" ind1=" " ind2=" ">
    <subfield code="a">Pasadena, CA :</subfield>
    <subfield code="b">Lingua House Ministries,</subfield>
    <subfield code="c">c1986.</subfield>
  </datafield>
  <datafield tag="300" ind1=" " ind2=" ">
    <subfield code="a">viii, 246 p. :</subfield>
    <subfield code="b">ill. ;</subfield>
    <subfield code="c">22 cm.</subfield>
  </datafield>
  <datafield tag="505" ind1="0" ind2=" ">
    <subfield code="a">The art of loving catfish brains / Steve Balkam -- Learning Arabic? In Los Angeles?! / Jo Anne Williams -- Learning without schools, teaching without chalk / Wes &amp; Nancy Collins -- The peaks beckon / Don Curry -- Communicating the Gospel : with a burning nose / Aretta Loving -- Be with people : wait on God / Doug &amp; Patti Magnuson -- Calls / Jeanette Chaffee -- Searching for footprints of God in rural Java / Mickey &amp; Joyce Smith -- Don't count on schooling to learn what counts / Ned Walker -- I like your shirt : give it to me! / Randy &amp; Edie Nelson -- Windows into my world / Doug Curry -- Endurance / Jeanette Chaffee -- Our Viennese waltz / Randy McGirr -- Growing ears for the language / Joe Rouse -- She kissed me / Jeanette Chaffee -- Abu banat : father of daughters / David Owen -- Incarnational living / Hudson Taylor -- My belated bonding / Anneleen Louw -- Unless you become as one of these / Doug &amp; Robyn Priest -- The first stumbling steps / Bruce &amp; Cynthia Hunter.</subfield>
  </datafield>
  <datafield tag="650" ind1=" " ind2="0">
    <subfield code="a">Language and languages</subfield>
    <subfield code="x">Study and teaching</subfield>
    <subfield code="x">Social aspects.</subfield>
  </datafield>
  <datafield tag="650" ind1=" " ind2="0">
    <subfield code="a">Missions.</subfield>
  </datafield>
  <datafield tag="700" ind1="1" ind2=" ">
    <subfield code="a">Brewster, Tom,</subfield>
    <subfield code="d">1939-</subfield>
  </datafield>
  <datafield tag="700" ind1="1" ind2=" ">
    <subfield code="a">Brewster, Betty Sue,</subfield>
    <subfield code="d">1943-</subfield>
  </datafield>
  <datafield tag="942" ind1=" " ind2=" ">
    <subfield code="2">ddc</subfield>
    <subfield code="c">BK</subfield>
  </datafield>
  <datafield tag="952" ind1=" " ind2=" ">
    <subfield code="0">0</subfield>
    <subfield code="1">0</subfield>
    <subfield code="2">ddc</subfield>
    <subfield code="4">0</subfield>
    <subfield code="7">0</subfield>
    <subfield code="8">NFIC</subfield>
    <subfield code="a">HMC</subfield>
    <subfield code="b">HMC</subfield>
    <subfield code="c">GEN</subfield>
    <subfield code="d">2019-02-05</subfield>
    <subfield code="g">1350.00</subfield>
    <subfield code="l">0</subfield>
    <subfield code="o">418 B848C</subfield>
    <subfield code="p">008292</subfield>
    <subfield code="r">2019-02-05 00:00:00</subfield>
    <subfield code="w">2019-02-05</subfield>
    <subfield code="y">BK</subfield>
  </datafield>
</record>
